|
|
|
|
| LEADER |
00729nab a2200205 i 4500 |
| 001 |
acta46334 |
| 005 |
20260224101123.0 |
| 008 |
170407s2016 hu o 000 eng d |
| 020 |
|
|
|a 0001-6969
|
| 040 |
|
|
|a SZTE Egyetemi Kiadványok Repozitórium
|b hun
|
| 041 |
|
|
|a eng
|
| 100 |
1 |
|
|a Pusztai Béla Gábor
|
| 245 |
1 |
0 |
|a Book reviews
|h [elektronikus dokumentum] /
|c Pusztai Béla Gábor
|
| 260 |
|
|
|a Bolyai Institute, University of Szeged
|b Szeged
|c 2016
|
| 300 |
|
|
|a 695-699
|
| 490 |
0 |
|
|a Acta scientiarum mathematicarum
|v 82 No. 3-4
|
| 650 |
|
4 |
|a Természettudományok
|
| 650 |
|
4 |
|a Matematika
|
| 695 |
|
|
|a Matematika - könyvismertetés
|
| 856 |
4 |
0 |
|u http://acta.bibl.u-szeged.hu/46334/1/math_082_numb_003_004_695-699.pdf
|z Dokumentum-elérés
|